00577nam a22001937a 4500010001300000020002300013035001300036037001800049040001200067082001700079100001600096245007600112260004100188270004300229300002000272650003900292650002900331650002300360 aB-166015 a818832275c1000.00 aB-166015 bCen Lib / Ret aDPLbEN a332.103bSUR aSuresh Kant aEncyclopaedic dictionary of banking & financial terms /cby Suresh Kant aNew DelhibOcean Books Pvt Ltdc2005 a4/19, Asaf Ali RoadbNew Delhie110002 a1001pc27cm(Hb) aBanks and banking -- Dictionaries. aFinance -- Dictionaries. aBanks and banking.